LEADER 01166nam--2200409---450- 001 990000612390203316 005 20060125100532.0 035 $a0061239 035 $aUSA010061239 035 $a(ALEPH)000061239USA01 035 $a0061239 100 $a20010907d1973----km-y0itay0103----ba 101 $aita 102 $aIT 105 $a||||||||001yy 200 1 $aAmarcord$fFederico Fellini a Tonino Guerra 210 $aMilano$cRizzoli$d1973 215 $a156 p.$d23 cm 225 2 $aLa scala 410 $12001$aLa scala$v91 676 $a852.914 700 1$aFELLINI,$bFederico$0185913 701 1$aGUERRA,$bTonino$0450018 801 0$aIT$bsalbc$gISBD 912 $a990000612390203316 951 $aVI.3.A. 1534(V A 1074)$b139258 LM$cV A 959 $aBK 969 $aUMA 979 $aPATTY$b90$c20010907$lUSA01$h1122 979 $aPATTY$b90$c20010907$lUSA01$h1124 979 $aPATTY$b90$c20011015$lUSA01$h2304 979 $aPATTY$b90$c20011015$lUSA01$h2305 979 $c20020403$lUSA01$h1710 979 $aPATRY$b90$c20040406$lUSA01$h1642 979 $aCOPAT1$b90$c20060125$lUSA01$h1005 996 $aAmarcord$9957691 997 $aUNISA LEADER 01219nam0 22003011i 450 001 VAN0013191 005 20051205120000.0 010 $a88-7652-687-0 020 $aIT$b96 8206 100 $a20030401d1995 |0itac50 ba 101 $aita 102 $aIT 105 $a|||| ||||| 200 1 $aˆIl ‰sinodo dei vescovi$eistituzione, fini e natura$eindagine teologico-giuridica$fMaurizio Claudio Bravi 210 $aRoma$cPontificia università gregoriana$d1995 215 $a397 p.$d24 cm. 410 1$1001VAN0013141$12001 $aTesi gregoriana. Ser. Diritto canonico$1210 $aRoma$cPontificia università gregoriana$d1995-.$v2 606 $aSinodo dei vescovi$3VANC006991$2FI 620 $dRoma$3VANL000360 676 $a262.4$v21 700 1$aBravi$bMaurizio C.$3VANV009730$0729843 712 $aPontificia università gregoriana$3VANV110684$4650 801 $aIT$bSOL$c20230616$gRICA 899 $aBIBLIOTECA DEL DIPARTIMENTO DI GIURISPRUDENZA$1IT-CE0105$2VAN00 912 $aVAN0013191 950 $aBIBLIOTECA DEL DIPARTIMENTO DI GIURISPRUDENZA$d00CONS V.Ec.11 $e00 22506 20030402 996 $aSinodo dei vescovi$91430236 997 $aUNICAMPANIA